Para los hijos de Dios
Saved in:
| Corporate Author: | |
|---|---|
| Format: | Book |
| Language: | Spanish |
| Published: |
Santiago
Ediciones Paulinas
1960
|
| Edition: | 5a. ed |
| Subjects: | |
| Tags: |
Add Tag
No Tags, Be the first to tag this record!
|
MARC
| LEADER | 00000cam a2200000 a 4500 | ||
|---|---|---|---|
| 001 | UCE9653 | ||
| 003 | CL-VaPUC | ||
| 008 | 151029e19600000cl |||||||||||||||||spa|d | ||
| 082 | 0 | 4 | |a 268 |b SEM |2 21 |
| 110 | 2 | |a Seminario Pontificio de Santiago |e author |9 582531 | |
| 245 | 1 | 0 | |a Para los hijos de Dios |
| 250 | |a 5a. ed | ||
| 300 | |a 145 p | ||
| 942 | |c BK | ||
| 945 | |d 20151029 22:28:00 |a gsalatino | ||
| 260 | |a Santiago |b Ediciones Paulinas |c 1960 | ||
| 650 | 0 | |a Catequesis |9 314526 | |
| 650 | 7 | |a CATEQUESIS FAMILIAR |2 CL-VaPUC |9 481682 | |
| 651 | 7 | |a CHILE |2 CL-VaPUC |9 582532 | |
| 583 | |a last modification |c 20151029 22:28:00 |k Rodrigo Vera | ||
| 999 | |c 361298 |d 361296 | ||
| 952 | |0 0 |1 0 |3 erb |4 0 |6 268_000000000000000_SEM_1960 |7 0 |8 P |9 471730 |a BIBTEO |b BIBTES |c TEO_FTES |i 5207738 |o 268 SEM 1960 |p 5207738 |r 2024-01-18 |w 2019-11-24 |y BK |z Catalogado en:20151029 |k ICR | ||